000 00528nam a2200169Ia 4500
008 220501s2020 xx 000 0 eng d
020 _a9789389698022
082 _a658.8 DUT-F
100 _aDutta, Bholanath
245 0 _aFundamentals of sales and distribution management : text and cases
_cBholanath Dutta
260 _aNOIDA
_bWiley
_c2020
300 _axiv, 281
650 _aMarketing channels - Management
650 _aPhysical distribution of goods - Management
650 _aSales management
942 _2ddc
_cREF
_01
999 _c18514
_d18514